Statistics for Cincinnati Reds 2023 Full Year Roster

Click here to take the quiz!

General Stats

  • This quiz has been taken 48 times
  • The average score is 30 of 67

Answer Stats

Games PlayedPlayer% Correct
98Elly De La Cruz
96%
65Joey Votto
96%
22Hunter Greene
92%
119Jonathan India
92%
108Will Benson
88%
71Alexis Diaz
84%
7 (~)Nick Lodolo
84%
138TJ Friedl
84%
89 (~)Matt McLain
80%
111Jake Fraley
76%
35Noelvi Marte
76%
156Spencer Steer
76%
97Stuart Fairchild
76%
63Christian Encarnacion-Strand
72%
142Tyler Stephenson
72%
23Brandon Williamson
68%
21Andrew Abbott
64%
26 (~)Graham Ashcraft
64%
78Luke Maile
64%
58Fernando Cruz
60%
104Nick Senzel
60%
71Buck Farmer
56%
40 (~)Curt Casali
56%
46 (~)Jose Barrero
52%
21 (#)Luke Weaver
52%
5Connor Phillips
48%
74Ian Gibaut
48%
67Lucas Sims
48%
25Sam Moll
48%
5 (~)Tejay Antone
48%
4 (~)Lyon Richardson
44%
63Alex Young
40%
19Ben Lively
40%
4 (~)Carson Spiers
40%
20 (~)Jason Vosler
40%
29Nick Martini
36%
25 (~)TJ Hopkins
36%
37 (#)Wil Myers
36%
74 (~)Kevin Newman
32%
7 (#)Luis Cessa
32%
1 (#)Ricky Karcher
32%
5 (~)Brett Kennedy
28%
3 (~)Connor Overton
28%
31 (~)Daniel Duarte
28%
54Derek Law
28%
14 (~)Harrison Bader
28%
23 (~)Henry Ramos
28%
4 (~)Levi Stoudt
28%
14 (~)Reiver Sanmartin
28%
3 (#)Tony Santillan
28%
1 (~)Alejo Lopez
24%
11 (~)Casey Legumina
24%
14 (#)Hunter Renfroe
24%
2 (~)Matt Reynolds
20%
3 (~)Michael Siani
20%
5 (#)Silvino Bracho
20%
6Alan Busenitz
16%
1 (#)Alec Mills
16%
3 (#)Chasen Shreve
16%
8 (#)Eduardo Salazar
16%
1 (#)Jake Wong
16%
2 (#)Joel Kuhnel
16%
14 (#)Kevin Herget
16%
1 (#)Michael Mariot
16%
1 (#)Randy Wynne
16%
0 (~)Justin Dunn
12%
0 (~)Vladimir Gutierrez
12%

Score Distribution

Percentile by Number Answered

Percent of People with Each Score

Your Score History

You have not taken this quiz